Statistics for Bus stops of route 53 in Hong Kong 香港53號巴士

Click here to take the quiz!

General Stats

  • This quiz has been taken 69 times
    (66 since last reset)
  • The average score is 25 of 74

Answer Stats

Answer% Correct
Nina Tower Bus Terminus 如心廣場巴士總站
88%
Tuen Mun Road Interchange 屯門公路轉車站
72%
Yuen Long Station Bus Terminus 元朗站巴士總站
63%
Hong Kong Gold Coast 香港黃金海岸
56%
Tai Lam Chung 大欖涌
53%
Ting Kau 汀九
53%
Ma Wan Pier 馬灣碼頭
51%
Sea Crest Villa Phase 3 浪翠園第三期
51%
Hong Kong Garden 豪景花園
49%
Lingnan University 嶺南大學
49%
Sam Shing Estate 三聖邨
49%
Sea Crest Villa Phase 4 浪翠園第四期
49%
Cafeteria Beach 咖啡灣
47%
Fu Tai Estate 富泰邨
47%
Tin Shui Wai Station 天水圍站
47%
Siu Lam 小欖
44%
Tsuen King Circuit Flyover 荃景圍天橋
44%
Tsuen Wan Fu Wah Street 荃灣富華街
44%
Bellagio 碧堤半島
42%
Golden Beach 黃金泳灘
42%
Lam Tei Station 藍地站
42%
Sham Tseng Village 深井村
42%
Sham Tsz Street 深慈街
42%
Belvedere Garden Phase 3 麗城花園第三期
40%
South Mountain Swimming Association 南山游泳會
40%
Bayview Garden 灣景花園
37%
Ping Shan 屏山
37%
Tsing Lung Tau Tsuen 青龍頭村
37%
Yau Kom Tau 油柑頭
37%
Lido Beach 麗都灣
35%
Approach Beach 近水灣
33%
Chi Lok Fa Yuen 置樂花園
33%
Chung Uk Tsuen Station 鍾屋村站
33%
Ha Tsuen 廈村
33%
Hong Kong Garden Commercial 豪景花園商場
33%
The Aegean 愛琴灣
33%
Tsuen Wan Chai Wan Kok Street 荃灣柴灣角街
33%
Castle Peak Pier 青山灣碼頭
30%
Hang Mei Tsuen 坑尾村
30%
Nai Wai Station 泥圍站
30%
Siu Lam San Tsuen 小欖新村
30%
Siu Lam Tsuen 小欖村
30%
Tuen Mun Siu Lun Government Complex 屯門兆麟政府綜合大樓
30%
Ching Lai Road Siu Lam 小欖澄麗路
28%
Hoh Fuk Tong College 何福堂書院
28%
Hoi Mei Beach 海美灣
28%
Ka Loon Tsuen 嘉龍村
28%
Pearl Island 龍珠島
28%
Tin Sum 田心
28%
Vistacliff 御天峰
28%
Vistacove 御海峰
28%
Kuk Ting Street 谷亭街
26%
Rural Committee 鄉事委員會
26%
Siu Sau Sheung Tsuen 小秀新村
26%
Tsing Sin Playground 青善遊樂場
26%
Tuen Mun Hospital 屯門醫院
26%
Brilliant Garden 彩暉花園
23%
Greenview Terrace 翠景臺
23%
Hi Lee Path 喜利徑
23%
Prime View Garden 景峰花園
23%
San Lee Uk Tsuen 新李屋村
23%
Sheltered Workshop 庇護工場
23%
Waldorf Garden 華都花園
23%
Lee Uk Tsuen 李屋村
21%
Shui Pin Wai Estate 水邊圍邨
21%
Ha Tsuen Shi 廈村市
19%
Bayview Terrace 碧翠花園
16%
Ping Hing Lane Ping Shan 屏山屏興里
16%
Tsing Chuen Wai 青磚圍
16%
San Sang Tsuen 新生村
14%
San Uk Tsuen 新屋村
12%
Shueng Cheung Wai 上章圍
9%
Sha Chau Lei Tsuen 沙洲里村
7%
Yick Yuen Tsuen 亦園村
5%

Score Distribution

Percentile by Number Answered

Percent of People with Each Score

Your Score History

You have not taken this quiz since the last reset